Invader on My Back /

Guardado en:
Detalles Bibliográficos
Autor principal: High, Philip E. (autor)
Otros autores: Wollheim, Donald A. (autor) (autor), Carter, Lin (autor) (autor)
Formato: Libro
Idioma:Inglés
Publicado: Nueva York, EUA : Ace Books, 1968, c1968
Colección:(Ace Double Novel Books ; H-85)
Temas:
Etiquetas: Agrega una etiqueta
Sin etiquetas, Sé el primero en etiquetar este registro!

MARC

LEADER 00000nam^a2200000^a^4500
001 000450291
005 20250521000000.0
009 20260310123743.889
037 |a Acervo ITESO - Biblioteca 
041 |a ING 
091 |a FAW. 01418 
100 |a High, Philip E.  |e (autor) 
245 1 0 |a Invader on My Back /  |c P.E. High. 
264 4 |a Nueva York, EUA :  |b Ace Books,  |c 1968, c1968 
300 |a 146, 107 p. 
336 |a texto  |b txt  |2 rdacontenido 
337 |a sin mediación  |b n  |2 rdamedio 
338 |a volumen  |b nc  |2 rdasoporte 
440 1 |a (Ace Double Novel Books ;  |v H-85) 
649 |a XX 
650 |a Seres Fantásticos en la Literatura 
650 |a Novela Inglesa 
650 |a Novela Norteamericana 
650 |a Literatura de Ciencia-Ficción -  |z Inglaterra 
650 |a Literatura de Ciencia-Ficción -  |z EUA 
650 |a Literatura Inglesa -  |y Siglo XX 
650 |a Literatura Norteamericana -  |y Siglo XX 
650 |a Pluralidad de los Mundos en la Literatura 
650 |a Saturno (Planeta) en la Literatura 
700 |a Wollheim, Donald A.  |e (autor) 
700 |a Carter, Lin  |e (autor) 
740 0 |a Destination :  |b Saturn /  |c D.A. Wollheim, L. Carter. 
910 |a Fondo Adolfo J. Wriedt Kentzler 
920 |a Impresos - Libros 
930 |a Fondos Especiales 
940 |a Literatura 
905 |a 128 
901 |a 0500382303  |b IT2  |c ESP  |i D86575  |u 20250521 
902 |a https://opac.biblio.iteso.mx/vufind/Record/000450291